<?xml version="1.0" encoding="UTF-8"?>
<record
    xmlns:xsi="http://www.w3.org/2001/XMLSchema-instance"
    xsi:schemaLocation="http://www.loc.gov/MARC21/slim http://www.loc.gov/standards/marcxml/schema/MARC21slim.xsd"
    xmlns="http://www.loc.gov/MARC21/slim">

  <leader>01510njm a22003137a 4500</leader>
  <controlfield tag="005">20100915101217.0</controlfield>
  <controlfield tag="007">sd ammalaaahaa</controlfield>
  <controlfield tag="008">100915t        xxu||||| |||| 00| 0 hin d</controlfield>
  <datafield tag="028" ind1=" " ind2=" ">
    <subfield code="a">7EPE 7129</subfield>
    <subfield code="b">His Master's Voice</subfield>
  </datafield>
  <datafield tag="035" ind1=" " ind2=" ">
    <subfield code="a">GR-02610</subfield>
  </datafield>
  <datafield tag="040" ind1=" " ind2=" ">
    <subfield code="a">SED/VEN</subfield>
  </datafield>
  <datafield tag="100" ind1=" " ind2=" ">
    <subfield code="a">Amit Kumar</subfield>
    <subfield code="9">1184</subfield>
  </datafield>
  <datafield tag="245" ind1=" " ind2=" ">
    <subfield code="a">Jaan haazir hai /</subfield>
    <subfield code="c">by Amit Kumar [and] Manhar ; music by Jai Kumar ; Layrics by Shailey Shailendra</subfield>
    <subfield code="h">[sound recording] :</subfield>
  </datafield>
  <datafield tag="246" ind1=" " ind2=" ">
    <subfield code="a">&#x91C;&#x93E;&#x928; &#x939;&#x91C;&#x94D;&#x91C;&#x93C;&#x93F;&#x930; &#x939;&#x948; (&#x905;&#x92E;&#x93F;&#x924; &#x915;&#x941;&#x92E;&#x93E;&#x930; )</subfield>
  </datafield>
  <datafield tag="260" ind1=" " ind2=" ">
    <subfield code="a">Dum Dum India</subfield>
    <subfield code="b">His Master's Voice</subfield>
    <subfield code="c">1975</subfield>
  </datafield>
  <datafield tag="300" ind1=" " ind2=" ">
    <subfield code="a">1 sound disc [Gramophone record] :</subfield>
    <subfield code="b">analog, 45 /3/1 rpm</subfield>
    <subfield code="c">7 in.</subfield>
    <subfield code="f">Gramophone Record</subfield>
  </datafield>
  <datafield tag="500" ind1=" " ind2=" ">
    <subfield code="a">Brief Record</subfield>
  </datafield>
  <datafield tag="500" ind1=" " ind2=" ">
    <subfield code="a">His Master's Voice</subfield>
  </datafield>
  <datafield tag="500" ind1=" " ind2=" ">
    <subfield code="a">Orange</subfield>
  </datafield>
  <datafield tag="500" ind1=" " ind2=" ">
    <subfield code="a">Extended Play</subfield>
  </datafield>
  <datafield tag="505" ind1=" " ind2=" ">
    <subfield code="a">Bhande phoot jayenge part 1 (Jaan hazzir hai) (Amit Kumar) &#x92D;&#x93E;&#x902;&#x921;&#x947; &#x92B;&#x942;&#x91F; &#x91C;&#x93E;&#x92F;&#x947;&#x902;&#x917;&#x947;  &#x92A;&#x93E;&#x930;&#x94D;&#x91F; &#x967; (&#x91C;&#x93E;&#x928; &#x939;&#x91C;&#x94D;&#x91C;&#x93C;&#x93F;&#x930; &#x939;&#x948; ) (&#x905;&#x92E;&#x93F;&#x924; &#x915;&#x941;&#x92E;&#x93E;&#x930; ) Sawan aya badal aya part 2 (Jaan hazzir hai) (Dhiraj Kumar) &#x938;&#x93E;&#x935;&#x928; &#x906;&#x92F;&#x93E; &#x92C;&#x926;&#x932; &#x906;&#x92F;&#x93E; &#x92A;&#x93E;&#x930;&#x94D;&#x91F; &#x968; (&#x91C;&#x93E;&#x928; &#x939;&#x91C;&#x94D;&#x91C;&#x93C;&#x93F;&#x930; &#x939;&#x948; ) (&#x927;&#x940;&#x930;&#x91C; &#x915;&#x941;&#x92E;&#x93E;&#x930; )</subfield>
  </datafield>
  <datafield tag="650" ind1=" " ind2=" ">
    <subfield code="2">Classical Music</subfield>
    <subfield code="v">Filmi Song</subfield>
    <subfield code="x">Excerpts</subfield>
    <subfield code="z">India</subfield>
    <subfield code="9">20098</subfield>
  </datafield>
  <datafield tag="700" ind1=" " ind2=" ">
    <subfield code="a">Manhar</subfield>
    <subfield code="9">20099</subfield>
  </datafield>
  <datafield tag="700" ind1=" " ind2=" ">
    <subfield code="9">20100</subfield>
    <subfield code="a">Jai Kumar</subfield>
  </datafield>
  <datafield tag="700" ind1=" " ind2=" ">
    <subfield code="9">20126</subfield>
    <subfield code="a">Shailey Shailendra</subfield>
  </datafield>
  <datafield tag="700" ind1=" " ind2=" ">
    <subfield code="9">20127</subfield>
  </datafield>
  <datafield tag="942" ind1=" " ind2=" ">
    <subfield code="2">ddc</subfield>
    <subfield code="c">GR</subfield>
  </datafield>
  <datafield tag="999" ind1=" " ind2=" ">
    <subfield code="c">45886</subfield>
    <subfield code="d">45886</subfield>
  </datafield>
  <datafield tag="952" ind1=" " ind2=" ">
    <subfield code="0">0</subfield>
    <subfield code="1">0</subfield>
    <subfield code="2">ddc</subfield>
    <subfield code="4">0</subfield>
    <subfield code="7">1</subfield>
    <subfield code="8">NFIC</subfield>
    <subfield code="a">L</subfield>
    <subfield code="b">L</subfield>
    <subfield code="d">2010-09-15</subfield>
    <subfield code="e">SED/VEN</subfield>
    <subfield code="l">0</subfield>
    <subfield code="p">GR-02610</subfield>
    <subfield code="r">2010-09-15 00:00:00</subfield>
    <subfield code="t">1</subfield>
    <subfield code="w">2010-09-15</subfield>
    <subfield code="y">GR</subfield>
  </datafield>
</record>
